CREATIVE Abstract Watercolour : (Record no. 204285)

MARC details
000 -LEADER
fixed length control field 01929nam a2200349 i 4500
003 - CONTROL NUMBER IDENTIFIER
control field OSt
005 - DATE AND TIME OF LATEST TRANSACTION
control field 20260514162214.0
008 - FIXED-LENGTH DATA ELEMENTS--GENERAL INFORMATION
fixed length control field 260514t20242024enkao fr 001 0beng d
020 ## - INTERNATIONAL STANDARD BOOK NUMBER
International Standard Book Number 9781446310564
Terms of availability RM110.00
Qualifying information paperback
040 ## - CATALOGING SOURCE
Original cataloging agency PPAK
Language of cataloging eng
Transcribing agency PPAK
Description conventions rda
082 04 - DEWEY DECIMAL CLASSIFICATION NUMBER
Edition number 23
Classification number 751.42243
090 00 - LOCALLY ASSIGNED LC-TYPE CALL NUMBER (OCLC); LOCAL CALL NUMBER (RLIN)
Classification number (OCLC) (R) ; Classification number, CALL (RLIN) (NR) 751.42243
Feature heading LEA
Feature heading R
100 1# - MAIN ENTRY--PERSONAL NAME
Personal name Leach, Kate Rebecca,
Relator term author.
245 10 - TITLE STATEMENT
Title CREATIVE Abstract Watercolour :
Remainder of title The beginner's guide to expressive and imaginative painting /
Statement of responsibility, etc. KATE REBECCA LEACH ; Managing Editor: Jeni Chown ; Project Editor: Jenny Fox-Proverbs ; Designers: Sam Staddon and Lee-May Lim ; Photography and Art Direction: Tom Hargreaves
264 #1 - PRODUCTION, PUBLICATION, DISTRIBUTION, MANUFACTURE, AND COPYRIGHT NOTICE
Place of production, publication, distribution, manufacture Exeter, England :
Name of producer, publisher, distributor, manufacturer DAVID & CHARLES,
Date of production, publication, distribution, manufacture, or copyright notice 2024
Date of production, publication, distribution, manufacture, or copyright notice ©2024
300 ## - PHYSICAL DESCRIPTION
Extent 119 pages :
Other physical details colour illustrations, colour photographs ;
Dimensions 28 cm
336 ## - CONTENT TYPE
Content type term text
Source rdacontent
337 ## - MEDIA TYPE
Media type term unmediated
Source rdamedia
338 ## - CARRIER TYPE
Carrier type term volume
Source rdacarrier
500 ## - GENERAL NOTE
General note Includes index.
520 ## - SUMMARY, ETC.
Summary, etc. Learn how to create dynamic, original abstract art using easy techniques and nothing more than watercolor paints and a few pens.<br/><br/>Let your creativity loose and start making art, without getting bogged down in detail or accuracy - just allow yourself to experiment, have fun, be present and play with colour, shape and texture to your heart's content.<br/><br/>In this unique step-by-step book, you'll discover watercolor techniques, tips and tricks to create your own vibrant art, letting the natural watercolor flow to help form your composition and inspire further mixed media embellishment.
650 10 - SUBJECT ADDED ENTRY--TOPICAL TERM
Topical term or geographic name entry element Watercolor painting
General subdivision Technique
Topical term or geographic name entry element Painting, Abstract
Topical term or geographic name entry element Nature in art
700 1# - ADDED ENTRY--PERSONAL NAME
Personal name Chown, Jeni,
Relator term editor.
Personal name Jenny, Fox-Proverbs,
Relator term editor.
Personal name Staddon, Sam,
Relator term designer.
Personal name Lee-May Lim,
Relator term designer.
Personal name Hargreaves, Tom,
Relator term photographer.
942 ## - ADDED ENTRY ELEMENTS (KOHA)
Source of classification or shelving scheme Dewey Decimal Classification
Koha item type Book

No items available.